El discurso de Foucault: Estado, locura y anormalidad en la construcción del individuo moderno

Saved in:
Bibliographic Details
Main Author: Murillo, Susana
Format: Book
Language:Undetermined
Published: Buenos Aires, Argentina Universidad de Buenos Aires 1997
Subjects:
Tags: Add Tag
No Tags, Be the first to tag this record!

MARC

LEADER 00000nam a2200000Ia 4500
008 170316s9999 xx 000 0 und d
090 |a 100 M-69d 
100 |a Murillo, Susana 
245 |a El discurso de Foucault: Estado, locura y anormalidad en la construcción del individuo moderno 
260 |a Buenos Aires, Argentina 
260 |b Universidad de Buenos Aires 
260 |c 1997 
300 |a 241 páginas 
650 |a FILOSOFÍA 
650 |a FOUCAULT 
650 |a FUNCIÓN DEL AUTOR 
650 |a ARQUEOLOGÍA DEL SABER 
650 |a FORMACIONES DISCURSIVAS 
650 |a ARQUEOLOGÍA COMO MÉTODO 
650 |a GENEALOGÍA 
650 |a TÉCNICAS DE CONTROL SOCIAL 
999 |c 17112  |d 17112 
040 |a cru BVZT 
942 |c 15 D  |h 100 M-69d  |2 z